Statistics for Biggest Baltic sea coastal cities

Click here to take the quiz!

General Stats

  • This quiz has been taken 29 times
    (19 since last reset)
  • The average score is 8 of 10

Answer Stats

PopulationCity% Correct
655 000Helsinki
100%
976 000Stockholm
100%
5 352 000St Petersburg
100%
438 000Tallinn
100%
627 000Riga
94%
468 000Gdansk
89%
475 000Kaliningrad
78%
248 000Kiel
67%
246 000Gdynia
56%
290 000Espoo
50%

Score Distribution

Percentile by Number Answered

Percent of People with Each Score

Your Score History

You have not taken this quiz since the last reset